000 00777nam a22002417a 4500
001 97954
003 UA-OsUOA
005 20220625234250.0
007 ta
008 20130408b un ||||| |||| 00| 0 ukr d
040 _aUA-OsUOA
_brus
_cUA-OsUOA
_dUA-OsUOA
041 _arus
080 _a821.161.1
090 _a821.161.1
_bП12
100 _aПаустовский К.
245 _aСобрание сочинений в шести томах
260 _aМ.
_bХудожественная литература
_c1958
300 _a662 с.
505 _gт. 5
_tРассказы, сказки, литературные портреты, заметки
650 7 _a82 Література. Літературознавство
_2UDC
942 _cBK
_2udc
955 _a3
999 _c384198
_d384198